000 00625nam a2200205 a 4500
001 000032621
003 DO-SdBNP
005 20250529134002.0
008 110719s19uu dr 000 0 spa d
040 _aDO-SdBNP
_bspa
_cBNPHU
082 4 _a305.5
_bC614p
245 0 4 _aLas clases y el partido en la revolución dominicana.
260 _a[Santo Domingo :
_bEdiciones Socialistas,
_c197-?].
300 _a205 p. ;
_c21 cm.
590 _aInventariado, 2018/VM
650 0 _aClases sociales
_zRepública Dominicana
_91062
650 0 _aProletariado
_921172
910 _aValidado. Control de calidad MFF
942 _2ddc
_cLBS1
999 _c32112
_d32112